000 00601nam a2200205Ia 4500
001 ench-92 [cei0000093]
003 IT-MiCISF
008 161014s9999||||xx |||||||||||||| ||und||
040 _aIT-MiCISF
_cIT-MiCISF
041 _ait
100 _aAA.VV.
245 0 _aIl matrimonio sacramento
250 _a1a ed.
260 _bEnchiridion Vaticanum/5
_c1975
300 _app. 892-917
500 _aComitato per la famiglia / matrimonio-sacramento, amore, coniugi, magistero, pastorale-familiare, evangelizzazione / documento
650 _amatrimonio
942 _cBK
957 _71
999 _a92
_bsi
_g1
_c208935
_d208935